000
00193 a2200097 4500
001
2860
100
_a
Wordsworth
245
_a
Poetry & prose
260
_a
_b
Clarendon
_c
090
_c
2155
_d
2155
942
_a
NUST-CAE
_c
M
_c
12836
999
_c
237933
_d
237933